| 000 | 00460nam a2200169Ia 4500 | ||
|---|---|---|---|
| 008 | 230524s9999 xx 000 0 und d | ||
| 082 |
_a621.38 _bMAT |
||
| 100 | _aSatnam P.Mathur | ||
| 245 | 0 | _aElectronic Devices Applications and Integrated Circuits | |
| 250 | _a5TH | ||
| 260 |
_aNEW DELHI _bUmesh _c2001 |
||
| 300 | _aXX;1150 | ||
| 500 | _aQuantity Number: 3 | ||
| 650 | _aElectronics | ||
| 700 | _a" D.C.Kulshrestha , Prem R.Chadha,,," | ||
| 942 | _cBK | ||
| 999 |
_c30776 _d30776 |
||